Most Dangerous Countries - Statistics

General Stats
  • This quiz has been taken 7 times
  • The average score is 7 of 15
Answer Stats
Country % Correct
Syria
100%
Yemen
80%
Iraq
60%
North Korea
60%
Pakistan
60%
South Sudan
60%
USA
60%
Afghanistan
40%
Mexico
40%
Somalia
40%
Venezuela
40%
Israel
20%
Libya
20%
South Africa
20%
Ukraine
20%
No matching quizzes found
Score Distribution
Percent of People with Each Score
Percentile by Number Answered
Your Score History
You have not taken this quiz